000 01006cam a22002894a 4500
999 _c1392
_d1392
001 13358318
003 GZU
005 20201014115030.0
008 030930s2004 dcu b 001 0 eng
010 _a 2003065763
020 _a0821355767
040 _aDLC
_cDLC
_dDLC
042 _apcc
043 _ad------
050 0 0 _aHC59.72.E44
_bINV 2003
245 0 0 _aInvoluntary resettlement sourcebook :
_bplanning and implementation in development projects.
260 _aWashington, DC :
_bWorld Bank,
_cc2003.
300 _axxxiii, 434 p. ;
_c24 cm. +
_e1 CD-ROM.
504 _aIncludes bibliographical references and index.
650 0 _aEconomic development projects
_zDeveloping countries.
650 0 _aLand settlement
_zDeveloping countries.
650 0 _aForced migration
_zDeveloping countries.
650 0 _aMigration, Internal
_zDeveloping countries.
710 2 _aWorld Bank.
_eCorporate author
906 _a7
_bcbc
_corignew
_d1
_eocip
_f20
_gy-gencatlg
942 _2lcc
_cBK
_h59.72.E44
_iINV
_kHC